000 00524nam a22001817a 4500
999 _c174295
_d174295
005 20200602154333.0
010 _aENG-128165
020 _c300.00
_a9789353224684
035 _aEN-111697
037 _bDBAD/PUB
082 _a230.61
100 _aBalakrishnan,S
245 _aCow a celestial Being:
_cS. Balakrishnan [and] K.M.Shukla
260 _aNew Delhi
_bPrabhat Prakashan
_c2019
270 _a4/19 Asaf Ali Road
_bNew Delhi
_e110002
300 _a216p.
_c23cm(hb)
942 _2ddc
_cEN
_h230.61
_mBAL